UBT Library

New Collegiate Dictionary (Record no. 57065)

000 -LEADER
fixed length control field 00293nam a22001337a 4500
008 - FIXED-LENGTH DATA ELEMENTS--GENERAL INFORMATION
fixed length control field 210430b ||||| |||| 00| 0 eng d
041 ## - LANGUAGE CODE
Language code of text/sound track or separate title eng
080 ## - UNIVERSAL DECIMAL CLASSIFICATION NUMBER
Universal Decimal Classification number 038
082 ## - DEWEY DECIMAL CLASSIFICATION NUMBER
Classification number 038
100 ## - Rafti
Rafti 23
101 ## - Shkurtesa
Shkurtesa FJA
245 ## - TITLE STATEMENT
Title New Collegiate Dictionary
Statement of responsibility, etc Merriam Webster
942 ## - ADDED ENTRY ELEMENTS (KOHA)
Source of classification or shelving scheme
Item type Books
Holdings
Withdrawn status Lost status Source of classification or shelving scheme Damaged status Not for loan Collection code Permanent location Current location Shelving location Date acquired Total Checkouts Full call number Barcode Date last seen Price effective from Koha item type
          Koleksioni i përgjithshem UBT - Lipjan UBT - Lipjan Koleksioni i përgjithshem 04/30/2021   038 WEB 002-5000224 04/30/2021 04/30/2021 Books
UBT Library © 2015-2024. All rights reserved University Education for Business and Technology